000 00746nam a2200289Ia 4500
005 20260324133326.0
008 008 260324s9999 xx 000 0 eng d
020 _a9780429245732
037 _aEBOOK
040 _aCRL
040 _beng
040 _cCRL
041 _2eng
041 _aeng
084 _qCRL
100 _aWilliam R. Tracey; Daniel A. Bronstein
_91192663
245 4 _aThe Human Resources Glossary
245 4 _bThe Complete Desk Reference for HR Executives, Managers, and Practitioners
260 _bTaylor and Francis
260 _c2003
365 _a
365 _b240
856 _uhttp://www.taylorfrancis.com/books/9780429245732
942 _cEBOOK
999 _c1791588
_d1791588